000 00262nam a2200097Ia 4500
008 240331s9999 xx 000 0 und d
082 _bJAY
100 _aJayawardena, K
245 0 _aDr. Mary Ratnam :
_ba Canadian pioneer for women's rights in Sri Lanka
942 _cL
999 _c1836
_d1836